000 00276nam a22001217a 4500
040 _cSCME
100 _aMichael.F Ashby
_9122448
245 _aMaterials Science in Mechanical Design
250 _a5thed.
260 _aUS
_bElsvier
_c2017
300 _a646p.
942 _2ddc
_cBK
999 _c608942
_d608942